Coronary artery disease : (Record no. 34583)

MARC details
000 -LEADER
fixed length control field 01383cam a22003614a 4500
001 - CONTROL NUMBER
control field 12465707
003 - CONTROL NUMBER IDENTIFIER
control field OSt
005 - DATE AND TIME OF LATEST TRANSACTION
control field 20220408140620.0
008 - FIXED-LENGTH DATA ELEMENTS--GENERAL INFORMATION
fixed length control field 010711s2002 ilua b 001 0 eng c
010 ## - LIBRARY OF CONGRESS CONTROL NUMBER
LC control number 2001039466
020 ## - INTERNATIONAL STANDARD BOOK NUMBER
International Standard Book Number 0736027955
035 ## - SYSTEM CONTROL NUMBER
System control number (DNLM)101122576
040 ## - CATALOGING SOURCE
Original cataloging agency DNLM
Transcribing agency HU
Modifying agency DLC
042 ## - AUTHENTICATION CODE
Authentication code pcc
050 00 - LIBRARY OF CONGRESS CALL NUMBER
Classification number RC685.C6
Item number .B77 2002
060 10 - NATIONAL LIBRARY OF MEDICINE CALL NUMBER
Classification number WG 300
Item number B886c 2002
082 00 - DEWEY DECIMAL CLASSIFICATION NUMBER
Classification number 616.1/23BRU2002
Edition number 21
100 1# - MAIN ENTRY--PERSONAL NAME
Personal name Brubaker, Peter H.,
Dates associated with a name 1961-
9 (RLIN) 35617
245 10 - TITLE STATEMENT
Title Coronary artery disease :
Remainder of title essentials of prevention and rehabilitation programs /
Statement of responsibility, etc. Peter H. Brubaker, Leonard A. Kaminsky, Mitchell H. Whaley.
260 ## - PUBLICATION, DISTRIBUTION, ETC.
Place of publication, distribution, etc. Champaign, IL :
Name of publisher, distributor, etc. Human Kinetics,
Date of publication, distribution, etc. c2002.
300 ## - PHYSICAL DESCRIPTION
Extent xi, 364 p. :
Other physical details ill. ;
Dimensions 29 cm.
504 ## - BIBLIOGRAPHY, ETC. NOTE
Bibliography, etc. note Includes bibliographical references and index.
650 #0 - SUBJECT ADDED ENTRY--TOPICAL TERM
Topical term or geographic name entry element Coronary heart disease
General subdivision Prevention.
9 (RLIN) 35618
650 #0 - SUBJECT ADDED ENTRY--TOPICAL TERM
Topical term or geographic name entry element Coronary heart disease
General subdivision Treatment.
9 (RLIN) 35619
650 12 - SUBJECT ADDED ENTRY--TOPICAL TERM
Topical term or geographic name entry element Coronary Disease
General subdivision prevention & control.
9 (RLIN) 35620
650 22 - SUBJECT ADDED ENTRY--TOPICAL TERM
Topical term or geographic name entry element Coronary Disease
General subdivision rehabilitation.
9 (RLIN) 35621
700 1# - ADDED ENTRY--PERSONAL NAME
Personal name Kaminsky, Leonard A.,
Dates associated with a name 1955-
9 (RLIN) 35622
700 1# - ADDED ENTRY--PERSONAL NAME
Personal name Whaley, Mitchell H.,
Dates associated with a name 1955-
9 (RLIN) 35623
906 ## - LOCAL DATA ELEMENT F, LDF (RLIN)
a 7
b cbc
c orignew
d 1
e ocip
f 20
g y-gencatlg
942 ## - ADDED ENTRY ELEMENTS (KOHA)
Source of classification or shelving scheme Dewey Decimal Classification
Koha item type Books like text book referance book
Suppress in OPAC No
Holdings
Withdrawn status Lost status Source of classification or shelving scheme Damaged status Not for loan Collection code Home library Current library Shelving location Date acquired Total Checkouts Full call number Barcode Date last seen Copy number Price effective from Koha item type
    Dewey Decimal Classification     Reference Wondo Genet Library Wondo Genet Library General Stacks 04/08/2022   616.1/23BRU2002 WGCFNRL00018894 04/08/2022 1 04/08/2022 Books like text book referance book